Situación del sector cafetalero
Uloženo v:
| Médium: | Text |
|---|---|
| Témata: | |
| Tagy: |
Přidat tag
Žádné tagy, Buďte první, kdo vytvoří štítek k tomuto záznamu!
|
MARC
| LEADER | 00000 a a2200000 04500 | ||
|---|---|---|---|
| 001 | 6383 | ||
| 003 | |||
| 040 | |||
| 245 | |a Situación del sector cafetalero | ||
| 650 | |a CAFE | ||
| 650 | |a AGROINDUSTRIA | ||
| 650 | |a PRECIOS | ||
| 650 | |a CULTIVOS INDUSTRIALES | ||
| 773 | |g volumen 21, número 911; páginas 6-7 | ||
| 999 | |c 35195 |d 35195 | ||
